00414nam a2200145Ia 4500100002800000942000700028654001700035245002900052260002800081082001200109300000800121546001200129999001700141952011000158 aBrushtein./ Dementyev.  cBK aLathe works. aElements of lathe works. bPrace Publishers.c2001 a621.942 a442 aENGLISH c34948d34948 001040708AFTaCRCEbCRCEd2023-03-17g6.60i793l0o621.942 pAFT628r2023-03-17v6.60w2023-03-17yBK